000 00876nam a2200277 a 4500
001 000082228
005 20200120224712.0
008 161130s2015 ck ||||gr|||| 000 ||spa d
020 _a9789584243195
041 0 _a/+spa
043 _as-ck---
090 _aAN
_bTODAaf
100 1 _aTodd, Anna
245 1 0 _aAflter :
_ben mil pedazos /
_cAnna Todd; traducida por Vicky Charques y María Rodríguez.
250 _a4a. ed.
260 _aBogotá :
_bPlaneta Colombiana,
_c2015.
300 _a636 páginas.
490 0 _aSerie After
_v2
650 1 7 _aNovela adulta estadounidense
_2LEMB
650 2 7 _aLiteratura adulta estadounidense
_2LEMB
650 2 7 _aAmor en la literatura
_2LEMB
650 2 7 _aSufrimiento en la literatura
_2LEMB
650 2 7 _aReconquista en la literatura
_2LEMB
700 1 _aCharques, Vicky,
_etraductor
700 1 _aRodríguez, Marisa,
_etraductor
999 _c10634
_d10634